Estadísticas para Países de Asia

Haz click aquí para intentar la prueba.

Estadísticas generales

  • Esta prueba ha sido intentada 55.740 veces
  • La puntuación promedio es 39 de 48

Respuestas en el mapa

Las respuestas están codificadas por una escala verde-roja en el mapa de la prueba según el % correcto abajo.
 

Estadísticas de respuestas

País% Correcto
China
99%
Japón
98%
India
97%
Corea del Norte
96%
Corea del Sur
96%
Mongolia
94%
Arabia Saudita
93%
Irak
92%
Irán
92%
Turquía
92%
Indonesia
91%
Afganistán
88%
Israel
88%
Kazajistán
88%
Pakistán
88%
Filipinas
87%
Tailandia
87%
Vietnam
87%
Emiratos Árabes Unidos
86%
Yemen
86%
Omán
84%
Catar
83%
Nepal
83%
Taiwán
83%
Siria
82%
Uzbekistán
81%
Sri Lanka
80%
Jordania
79%
Laos
79%
Armenia
78%
Malasia
78%
Azerbaiyán
77%
Georgia
77%
Bangladés
76%
Camboya
76%
Chipre
76%
Turkmenistán
76%
Singapur
74%
Bután
72%
Myanmar
72%
Kirguistán
71%
Líbano
71%
Kuwait
68%
Tayikistán
68%
Maldivas
64%
Baréin
62%
Brunéi
62%
Timor Oriental
57%

Distribución de puntuación

Porcentaje por número respondido

Porcentaje de gente con cada puntuación

Historial de tus puntuaciones

No has intentado esta prueba.